| 000 | 00541nam a2200193Ia 4500 | ||
|---|---|---|---|
| 005 | 20250508151242.0 | ||
| 008 | 008 250505s9999 xx 000 0 eng d | ||
| 037 | _aTextual | ||
| 040 |
_aFEDL _beng _cFEDL |
||
| 041 |
_aeng _2eng |
||
| 084 |
_a301.15, HAR _qFEDL |
||
| 100 | _aHarding D. W. | ||
| 245 | 0 | _aSocial psychology and individual values | |
| 260 |
_aLondon, UK _bHutchinson's University Library _c1953 |
||
| 300 | _avii,184p | ||
| 650 | _aSociology | ||
| 942 |
_cTEXL _h301.15, HAR |
||
| 999 |
_c1328637 _d1328637 |
||